MARC

LEADER 00000nam a2200000Ia 4500
001 24424
008 160829s1929 xx 000 0 cat d
080 |a FU-66-10 
245 4 |a The cathedral of commerce [Woolworth building] 
260 |a [New York] :  |b Woolco Realty Corporation,  |c 1929 
300 |a [30] p. :  |b  il. ;  |c 30 cm 
590 |a Text en anglès.  
590 |a Text en dues columnes.  
590 |a Text per S. Parkes Cadman. "This book was designed and made by the Thomsen-Ellis Company, Baltimore and New York. 
650 |a Woolworth Building (New York, N.Y.)  |9 50462 
700 |a Woolworth, Frank W.  |9 50463 
856 4 |u https://media.diba.cat/diba/fitxers/arxiu/fulletons/bib_24424_baixa.pdf  |y Accés lliure 
856 4 |u https://media.diba.cat/diba/fitxers/arxiu/fulletons/bib_24424_baixa.pdf  |y Accés lliure 
901 |a Arxiu 
942 |n 1  |2 udc 
952 |0 0  |1 0  |4 0  |6 FU6610  |7 1  |9 56047  |a Arxiu  |b Arxiu  |d 2016-12-01  |l 0  |o FU-66-10  |p 24424  |r 2016-12-01 00:00:00  |w 2016-12-01  |y ARXIU 
999 |c 59921  |d 59921 
900 |a bib_24424_baixa.pdf